| 000 | 01220njm a22003017a 4500 | ||
|---|---|---|---|
| 005 | 20100921150229.0 | ||
| 006 | a|||||r|||||00| 0 | ||
| 007 | sd ammalaaahaa | ||
| 008 | 100901t xxu||||| |||| 00| 0 eng d | ||
| 028 |
_aECSD. 2894 _bEMI |
||
| 035 | _aGR-07083 | ||
| 040 |
_aSED _cSED |
||
| 100 |
_aGhulam Ali _917891 |
||
| 245 |
_aGhulam Ali / _cby Ghulam Ali; lyric by Masroor Anwar; music by Ghulam Ali _h[Sound recording] |
||
| 246 | _aग़ुलाम अली / ग़ुलाम अली द्वारा | ||
| 260 |
_aDum Dum, India _bEMI _c1981 |
||
| 300 |
_a1 Sound disc [Gramophone Recording] : _banalog, 33 1/3 rpm _c12 in. (LP) _fGramophone Record |
||
| 440 |
_aLive concert vol.1 _920990 |
||
| 500 | _aBrief record | ||
| 500 | _aRecord Labels : EMI, Red | ||
| 505 | _aSide-1 (Ham ko kiske gham ne mara yeh kahani phir sahi) (Ghulam Ali) --Side-2 (Kuchh din to baso meri ankhon men-ghazal) (Ghulam Ali) | ||
| 600 |
_aGhulam Ali _919718 |
||
| 650 |
_aUrdu ghazal _xExcerpts _zIndia _917892 |
||
| 700 |
_aMasroor Anwar _920907 |
||
| 700 |
_aGhulam Ali _920977 |
||
| 942 |
_2ddc _cGR |
||
| 999 |
_c47305 _d47305 |
||